00501nam a2200193 a 450000100060000000300090000600800410001502000120005604000280006808200170009610000270011324500340014026000260017430000110020049000340021165000250024565000130027065000240028314836CO-ViMGA141112s2004 ck r 000 u spa d a9176704 aCO-ViMGAbspacCO-ViMGA04a610.694 T3511 aCely Galindo, Gilberto10aTemas de bioética ambiental aBtá, cCeja, c1995 a310.p. aColección textos y manuales14aBIOética AMBIENTAL14aENTROPIA14aHOMBRE - NATURALEZA